| 000 | 00482nam a2200157 a 4500 | ||
|---|---|---|---|
| 001 | 4905 | ||
| 003 | CDMR | ||
| 005 | 20130404180601.0 | ||
| 008 | 130130s1990||||||||||||||||||||||||||||d | ||
| 040 |
_aCDMR _bcat _cCDMR |
||
| 245 | 0 |
_aInformación, política y cultura _b: Cursos de Verano El Escorial 1989 |
|
| 260 |
_aMadrid _c1990 _bUniversidad Complutense de Madrid |
||
| 300 |
_a90 p ; _c24 cm |
||
| 650 | 0 | 4 |
_92807 _aMitjans de comunicació de massa _xAspectes polítics |
| 942 |
_cMON _2udc |
||
| 999 |
_c4905 _d4905 |
||